Noah Schnapp Filmography - Statistics

General Stats
  • This quiz has been taken 71 times
    27 since last reset
  • The average score is 5 of 19
Answer Stats
Type Year Name % Correct
Web Series 2016-2025 Stranger Things
100%
Film 2020 Hubie Halloween
50%
Film 2023 The Tutor
50%
Film 2020 Abe
45%
Film 2015 The Peanuts Movie
41%
Film 2015 Bridge of Spies
36%
Film 2020 Waiting for Anya
27%
TV Special 2021 Stranger Sharks
18%
Film 2016 The Angry Birds Movie
14%
Short Film 2016 The Circle
14%
Film 2017 We Only Know So Much
14%
TV Short 2018 Asesinato en el Hormiguero Express
9%
Music Video 2016 LA Devotee
9%
Video Game 2015 The Peanuts Movie: Snoopy's Grand Adventure
9%
Music Video 2018 In My Feelings
5%
TV Show 2017 Lip Sync Battle
5%
Web Series 2018 Liza on Demand
5%
Film 2018 The Legend of Hallowaiian
5%
Music Video 2020 See You
0%
No matching quizzes found
Score Distribution
Percent of People with Each Score
Percentile by Number Answered
Your Score History
You have not taken this quiz since the last reset